<?xml version="1.0" encoding="UTF-8"?><?xml-stylesheet type="text/xsl" href="static/style.xsl"?><OAI-PMH xmlns="http://www.openarchives.org/OAI/2.0/" xmlns:xsi="http://www.w3.org/2001/XMLSchema-instance" xsi:schemaLocation="http://www.openarchives.org/OAI/2.0/ http://www.openarchives.org/OAI/2.0/OAI-PMH.xsd"><responseDate>2026-04-17T06:53:49Z</responseDate><request verb="GetRecord" identifier="oai:www.recercat.cat:10256/28305" metadataPrefix="marc">https://recercat.cat/oai/request</request><GetRecord><record><header><identifier>oai:recercat.cat:10256/28305</identifier><datestamp>2026-02-21T03:27:47Z</datestamp><setSpec>com_2072_452955</setSpec><setSpec>com_2072_2054</setSpec><setSpec>col_2072_453064</setSpec></header><metadata><record xmlns="http://www.loc.gov/MARC21/slim" xmlns:dcterms="http://purl.org/dc/terms/" xmlns:xsi="http://www.w3.org/2001/XMLSchema-instance" xmlns:doc="http://www.lyncode.com/xoai" xsi:schemaLocation="http://www.loc.gov/MARC21/slim http://www.loc.gov/standards/marcxml/schema/MARC21slim.xsd">
   <leader>00925njm 22002777a 4500</leader>
   <datafield ind2=" " ind1=" " tag="042">
      <subfield code="a">dc</subfield>
   </datafield>
   <datafield ind2=" " ind1=" " tag="720">
      <subfield code="a">Iglesias, Narcís</subfield>
      <subfield code="e">author</subfield>
   </datafield>
   <datafield ind2=" " ind1=" " tag="260">
      <subfield code="c">2024-06-13</subfield>
   </datafield>
   <datafield ind2=" " ind1=" " tag="520">
      <subfield code="a">Aquest estudi pretén analitzar els arguments sostinguts pels diferents partits que van debatre al Congrés i al Senat l’articulat de la Constitució de 1978 relatiu al deure del coneixement lingüístic i a la diversitat de llengües a Espanya. D’una banda, s’identifica el nombre d’arguments i de l’altra, es tipifiquen en forma d’arquetip logicolingüístic, d’acord amb els mètodes de l’anàlisi de l’argumentació. En la primera part de l’estudi es va proposar una anàlisi quantitativa i qualitativa dels arguments esgrimits entorn de l’oficialitat de les llengües a la Constitució. El “repertori d’arguments” construït en aquest estudi és una clara expressió del dissens al voltant de les llengües, ja que ni l’estatus que aquestes havien de tenir en la futura Constitució es concebia de la mateixa manera, ni es veien igual els drets lingüístics dels ciutadans o la història contemporània de les llengües de l’Estat, que havia modelat unes asimetries evidents just en el moment de decidir com s’havien de tractar les diferents llengües de l’Estat en la norma suprema que ha marcat l’Espanya democràtica</subfield>
   </datafield>
   <datafield ind2=" " ind1=" " tag="520">
      <subfield code="a">This  study  aims  to  analyse  the  arguments  made  by  the  different  parties  that  debated  in  Congress  and  the  Senate  the  articles of the 1978 Constitution regarding the duty of linguistic knowledge and the diversity of languages in Spain. On the one hand, the number of arguments is identified and on the other, they are typified in the form of a logico-linguistic archetype, according to the methods of the analysis of the argument. In the first part of the study, a quantitative and qualitative analysis is given of the arguments put forward regarding the official status of languages in the Constitution. The “repertoire of arguments” constructed in this study is a clear expression of the lack of agreement surrounding languages, since the status that they should have in the future Constitution was not formulated in the same way, and the linguistic rights of citizens and the contemporary history of the languages of the State were not seen as equal. Those languages had been modelled using evident asymmetries just at the time of deciding how the different languages of the State should be treated in the supreme norm that has marked democratic Spain</subfield>
   </datafield>
   <datafield ind1="8" ind2=" " tag="024">
      <subfield code="a">https://hdl.handle.net/10256/28305</subfield>
   </datafield>
   <datafield tag="653" ind2=" " ind1=" ">
      <subfield code="a">Sociolingüística</subfield>
   </datafield>
   <datafield tag="653" ind2=" " ind1=" ">
      <subfield code="a">Sociolinguistics</subfield>
   </datafield>
   <datafield tag="653" ind2=" " ind1=" ">
      <subfield code="a">Espanya -- Història -- 1975-1982, Transició</subfield>
   </datafield>
   <datafield tag="653" ind2=" " ind1=" ">
      <subfield code="a">Spain -- Politics and government -- 1975-1982</subfield>
   </datafield>
   <datafield ind2="0" ind1="0" tag="245">
      <subfield code="a">Les llengües d'Espanya en el discurs parlamentari de la transició espanyola: una anàlisi dels arguments sobre l'oficialitat lingüística (segona part)</subfield>
   </datafield>
</record></metadata></record></GetRecord></OAI-PMH>